000
00291nam a2200121Ia 4500
008
190216s9999||||xx |||||||||||||| ||und||
100
_a
Cheyan. Dr.
245
0
_a
Hindi- Thiruvalluvar Atthi Choodi
260
_b
Mayilai Thiruvalluvar
_c
2002
300
_a
144
650
_a
Hindi
942
_c
BK
999
_c
16146
_d
16146